<?xml version="1.0" encoding="UTF-8"?><?xml-stylesheet type="text/xsl" href="static/style.xsl"?><OAI-PMH xmlns="http://www.openarchives.org/OAI/2.0/" xmlns:xsi="http://www.w3.org/2001/XMLSchema-instance" xsi:schemaLocation="http://www.openarchives.org/OAI/2.0/ http://www.openarchives.org/OAI/2.0/OAI-PMH.xsd"><responseDate>2026-04-17T16:04:59Z</responseDate><request verb="GetRecord" identifier="oai:www.recercat.cat:2099.1/18815" metadataPrefix="marc">https://recercat.cat/oai/request</request><GetRecord><record><header><identifier>oai:recercat.cat:2099.1/18815</identifier><datestamp>2025-07-23T06:59:57Z</datestamp><setSpec>com_2072_1033</setSpec><setSpec>col_2072_452951</setSpec></header><metadata><record xmlns="http://www.loc.gov/MARC21/slim" xmlns:dcterms="http://purl.org/dc/terms/" xmlns:xsi="http://www.w3.org/2001/XMLSchema-instance" xmlns:doc="http://www.lyncode.com/xoai" xsi:schemaLocation="http://www.loc.gov/MARC21/slim http://www.loc.gov/standards/marcxml/schema/MARC21slim.xsd">
   <leader>00925njm 22002777a 4500</leader>
   <datafield ind2=" " ind1=" " tag="042">
      <subfield code="a">dc</subfield>
   </datafield>
   <datafield ind2=" " ind1=" " tag="720">
      <subfield code="a">Monforte Vila, Xavier</subfield>
      <subfield code="e">author</subfield>
   </datafield>
   <datafield ind2=" " ind1=" " tag="260">
      <subfield code="c">2013-06-10</subfield>
   </datafield>
   <datafield ind2=" " ind1=" " tag="520">
      <subfield code="a">L’objectiu del projecte és el desenvolupament d’un biomaterial que permeti i promogui la regeneració de la pell. Fibres de gelatina electrospineades es van escollir com a substrat per la seva gran biocompatibilitat i la seva similitud amb l’estructura nativa de la pell, formada per fibril·les de col·làgen.&#xd;
La gelatina és extremadament soluble en condicions biològiques. Per aquesta raó resulta necessari crosslinkar les fibres obtingudes per assegurar una degradació controlada.&#xd;
Per a complir amb el seu propòsit, el biomaterial ha de ser capaç d’atreure i reclutar cèl·lules progenitores, que són fonamentals en la regeneració de qualsevol teixit. Nanopartícules de fosfat de calci van ser escollides com a aditiu per a les fibres de gelatina perquè poden actuar com a alliberadors de calci, creant un gradient de concentració de Ca2+, que és un potent quimiotàctic en el procés de curació de ferides.</subfield>
   </datafield>
   <datafield tag="653" ind2=" " ind1=" ">
      <subfield code="a">Àrees temàtiques de la UPC::Ciències de la salut</subfield>
   </datafield>
   <datafield tag="653" ind2=" " ind1=" ">
      <subfield code="a">Àrees temàtiques de la UPC::Enginyeria dels materials</subfield>
   </datafield>
   <datafield tag="653" ind2=" " ind1=" ">
      <subfield code="a">Biomedical materials</subfield>
   </datafield>
   <datafield tag="653" ind2=" " ind1=" ">
      <subfield code="a">Regeneració (Biologia)</subfield>
   </datafield>
   <datafield tag="653" ind2=" " ind1=" ">
      <subfield code="a">Biomaterials</subfield>
   </datafield>
   <datafield ind2="0" ind1="0" tag="245">
      <subfield code="a">Development of a biomaterial for skin regeneration</subfield>
   </datafield>
</record></metadata></record></GetRecord></OAI-PMH>